[Event "Walsrode Chessemy op-A"]
[Site "Walsrode"]
[Date "2023.03.11"]
[Round "8"]
[White "Hilbenz, Guntram"]
[Black "Berres, Eric"]
[Result "0-1"]
[WhiteElo "1791"]
[BlackElo "1866"]
[PlyCount "22"]
[EventDate "2023.03.04"]
[EventType "swiss"]
[EventRounds "9"]
[EventCountry "GER"]
[SourceTitle "CBM 213 Extra"]
[Source "ChessBase"]
[SourceDate "2023.05.31"]
[SourceVersion "1"]
[SourceVersionDate "2023.05.31"]
[SourceQuality "1"]

1. c4 Nf6 2. g3 e5 3. Bg2 c6 4. d4 e4 5. Nc3 d5 6. e3 Bd6 7. Nge2 0-0 8. 0-0 Bg4 9. Qb3 Qd7 10. Bd2 dxc4 11. Qxc4 b5 0-1

[Event "Walsrode Chessemy op-A"]
[Site "Walsrode"]
[Date "2023.03.10"]
[Round "7"]
[White "Berres, Eric"]
[Black "Polster, Christian"]
[Result "0-1"]
[WhiteElo "1866"]
[BlackElo "2273"]
[PlyCount "110"]
[EventDate "2023.03.04"]
[EventType "swiss"]
[EventRounds "9"]
[EventCountry "GER"]
[SourceTitle "CBM 213 Extra"]
[Source "ChessBase"]
[SourceDate "2023.05.31"]
[SourceVersion "1"]
[SourceVersionDate "2023.05.31"]
[SourceQuality "1"]

1. d4 Nf6 2. c4 e6 3. Nc3 Bb4 4. e3 c5 5. Bd3 Nc6 6. Nf3 0-0 7. 0-0 Bxc3 8. bxc3 d6 9. e4 e5 10. d5 Ne7 11. Nh4 Ne8 12. g3 Bh3 13. Ng2 Ng6 14. f4 exf4 15. Bxf4 Qe7 16. Re1 Bxg2 17. Kxg2 Nf6 18. Rb1 Qc7 19. Rb2 Nd7 20. e5 Ngxe5 21. Bb1 g6 22. Qe2 Rfe8 23. Qf1 Kg7 24. h4 h5 25. Bg5 Ng4 26. Rbe2 Ndf6 27. Be4 Qd7 28. Qf4 Re5 29. Bf3 Rxe2+ 30. Rxe2 Re8 31. Rxe8 Nxe8 32. Bxg4 Qxg4 33. Bh6+ Kg8 34. Qe3 Qd7 35. Qf4 Qe7 36. Bg5 f6 37. Bh6 Qe2+ 38. Kh3 Qe5 39. Qd2 Qe4 40. Kh2 b6 41. Bf4 Kf7 42. Qe3 Qxe3 43. Bxe3 Nc7 44. a4 Na6 45. Bf4 Ke7 46. Kh3 Nb8 47. g4 hxg4+ 48. Kxg4 Nd7 49. h5 gxh5+ 50. Kxh5 Ne5 51. Bxe5 fxe5 52. Kg5 Kd7 53. Kf5 Kc7 54. Ke4 Kb7 55. Kf5 Ka6 0-1

[Event "Lueneburg op-A"]
[Site "Lueneburg"]
[Date "2019.08.10"]
[Round "8.28"]
[White "Colbow, Collin"]
[Black "Berres, Eric"]
[Result "1-0"]
[WhiteElo "2246"]
[BlackElo "1890"]
[PlyCount "85"]
[EventDate "2019.08.03"]
[EventType "swiss"]
[EventRounds "9"]
[EventCountry "GER"]
[SourceTitle "CBM 193 Extra"]
[Source "ChessBase"]
[SourceDate "2020.01.31"]
[SourceVersion "1"]
[SourceVersionDate "2020.01.31"]
[SourceQuality "1"]

1. e4 e6 2. d4 d5 3. Nd2 Nf6 4. e5 Nfd7 5. Bd3 c5 6. c3 Nc6 7. Ne2 Qb6 8. Nf3 cxd4 9. cxd4 f6 10. 0-0 fxe5 11. dxe5 Ndxe5 12. Nxe5 Nxe5 13. Be3 Bc5 14. Nf4 g6 15. Nxd5 exd5 16. Bb5+ Bd7 17. Qxd5 Qd6 18. Qxc5 Qxc5 19. Bxc5 Bxb5 20. Rfe1 Kf7 21. Rxe5 Rhe8 22. Rxe8 Bxe8 23. Re1 b6 24. Re7+ Kf6 25. Ba3 Bf7 26. h4 h5 27. b3 Re8 28. Rxa7 Re1+ 29. Kh2 Re2 30. Kg3 Re4 31. Bb2+ Ke6 32. Rb7 Re2 33. Rxb6+ Kd7 34. Bd4 Rxa2 35. Kf4 Rd2 36. Ke5 Re2+ 37. Be3 Ra2 38. Rb7+ Ke8 39. b4 Ra6 40. Bb6 Ra2 41. Kf6 Bd5 42. Re7+ Kf8 43. Rd7 1-0

[Event "Lueneburg op-A"]
[Site "Lueneburg"]
[Date "2019.08.06"]
[Round "4"]
[White "Comes, Bruno"]
[Black "Berres, Eric"]
[Result "1/2-1/2"]
[WhiteElo "2165"]
[BlackElo "1890"]
[PlyCount "40"]
[EventDate "2019.08.03"]
[EventType "swiss"]
[EventRounds "9"]
[EventCountry "GER"]
[SourceTitle "CBM 191 Extra"]
[Source "ChessBase"]
[SourceDate "2019.09.30"]
[SourceVersion "1"]
[SourceVersionDate "2019.09.30"]
[SourceQuality "1"]

1. d4 d5 2. c4 e6 3. Nc3 Nf6 4. Bg5 Be7 5. Nf3 0-0 6. e3 h6 7. Bh4 Nbd7 8. Bd3 dxc4 9. Bxc4 b6 10. Qe2 Bb7 11. 0-0 Nd5 12. Bxe7 Qxe7 13. Nxd5 exd5 14. Bd3 c5 15. b3 Rac8 16. Rac1 Nf6 17. h3 Rfe8 18. Rc2 cxd4 19. Nxd4 Rxc2 20. Qxc2 Rc8 1/2-1/2

[Event "Lueneburg op-A"]
[Site "Lueneburg"]
[Date "2019.08.05"]
[Round "3"]
[White "Berres, Eric"]
[Black "Dijkhuis, Oele"]
[Result "1/2-1/2"]
[WhiteElo "1890"]
[BlackElo "2119"]
[PlyCount "57"]
[EventDate "2019.08.03"]
[EventType "swiss"]
[EventRounds "9"]
[EventCountry "GER"]
[SourceTitle "CBM 191 Extra"]
[Source "ChessBase"]
[SourceDate "2019.09.30"]
[SourceVersion "1"]
[SourceVersionDate "2019.09.30"]
[SourceQuality "1"]

1. e4 c5 2. Nf3 d6 3. Bb5+ Nd7 4. c3 a6 5. Ba4 b5 6. Bc2 c4 7. b3 Qc7 8. Qe2 Bb7 9. bxc4 bxc4 10. Na3 Nb6 11. 0-0 e5 12. Rb1 Nf6 13. Nh4 d5 14. exd5 Nfxd5 15. f4 Be7 16. Nf5 Bc5+ 17. Kh1 g6 18. Nh6 f5 19. Bxf5 Bf8 20. Ng4 gxf5 21. Nxe5 0-0-0 22. Naxc4 Nxc4 23. Nxc4 Nxf4 24. Rxf4 Qxf4 25. Qe6+ Kb8 26. Rxb7+ Kxb7 27. Qb6+ Kc8 28. Qc6+ Kb8 29. Qb6+ 1/2-1/2